<?xml version="1.0" encoding="UTF-8"?>
<record
    xmlns:xsi="http://www.w3.org/2001/XMLSchema-instance"
    xsi:schemaLocation="http://www.loc.gov/MARC21/slim http://www.loc.gov/standards/marcxml/schema/MARC21slim.xsd"
    xmlns="http://www.loc.gov/MARC21/slim">

  <leader>00811cam a2200217   4500</leader>
  <controlfield tag="001">sa 68018179 </controlfield>
  <controlfield tag="003">DLC</controlfield>
  <controlfield tag="005">20260227112709.0</controlfield>
  <controlfield tag="008">711013s1963    ii ach        010 0beng  </controlfield>
  <datafield tag="010" ind1=" " ind2=" ">
    <subfield code="a">sa 68018179 </subfield>
  </datafield>
  <datafield tag="025" ind1=" " ind2=" ">
    <subfield code="a">PL480:I-E-10579</subfield>
  </datafield>
  <datafield tag="040" ind1=" " ind2=" ">
    <subfield code="a">DLC</subfield>
    <subfield code="c">DLC</subfield>
    <subfield code="d">DLC</subfield>
  </datafield>
  <datafield tag="041" ind1="0" ind2=" ">
    <subfield code="a">enghin</subfield>
  </datafield>
  <datafield tag="050" ind1="0" ind2="0">
    <subfield code="a">DS481.R278</subfield>
    <subfield code="b">C6</subfield>
  </datafield>
  <datafield tag="245" ind1="0" ind2="0">
    <subfield code="a">Commemoration volume presented to Poojya Swami Ramananda Tirtha on his 61st birthday by the Shashtyabdipoort&#x12B; Celebrations Committee on 23-10-1963 at Hyderabad, A.P.</subfield>
  </datafield>
  <datafield tag="260" ind1=" " ind2=" ">
    <subfield code="a">[Hyderabad,</subfield>
    <subfield code="b">Swami Ramananda Tirtha Shashtyabdipoorti Celebrations Committee,</subfield>
    <subfield code="c">1963]</subfield>
  </datafield>
  <datafield tag="300" ind1=" " ind2=" ">
    <subfield code="a">[28], 127 p.</subfield>
    <subfield code="b">illus., facsim., ports.</subfield>
    <subfield code="c">25 cm.</subfield>
  </datafield>
  <datafield tag="500" ind1=" " ind2=" ">
    <subfield code="a">English or Hindi.</subfield>
  </datafield>
  <datafield tag="600" ind1="0" ind2="0">
    <subfield code="a">Ramananda Tirtha,</subfield>
    <subfield code="c">Swami,</subfield>
    <subfield code="d">1903-1972.</subfield>
  </datafield>
  <datafield tag="700" ind1="0" ind2=" ">
    <subfield code="a">Ramananda Tirtha,</subfield>
    <subfield code="c">Swami,</subfield>
    <subfield code="d">1903-1972.</subfield>
  </datafield>
  <datafield tag="999" ind1=" " ind2=" ">
    <subfield code="c">88225</subfield>
    <subfield code="d">88225</subfield>
  </datafield>
</record>
